On the Road to EU Accession. Financial Sector Development in Central Europe (Record no. 3294)

MARC details
000 -LEADER
fixed length control field 00566nam a22002177i 4500
001 - CONTROL NUMBER
control field 3344
003 - CONTROL NUMBER IDENTIFIER
control field OSt
005 - DATE AND TIME OF LATEST TRANSACTION
control field 20170126082317.0
007 - PHYSICAL DESCRIPTION FIXED FIELD--GENERAL INFORMATION
fixed length control field tu
008 - FIXED-LENGTH DATA ELEMENTS--GENERAL INFORMATION
fixed length control field 161220s1996 xxu||||| |||| 00| 0 d
024 7# - OTHER STANDARD IDENTIFIER
Standard number or code 3343
Source of number or code RID
040 ## - CATALOGING SOURCE
Transcribing agency OSt
084 ## - OTHER CLASSIFICATION NUMBER
Classification number 11.431
-- 9.95
Number source z
100 1# - MAIN ENTRY--PERSONAL NAME
Personal name Borish, Michael S.
245 00 - TITLE STATEMENT
Title On the Road to EU Accession. Financial Sector Development in Central Europe
260 ## - PUBLICATION, DISTRIBUTION, ETC.
Place of publication, distribution, etc. Washington :
Name of publisher, distributor, etc. World Bank,
Date of publication, distribution, etc. 1996.
300 ## - PHYSICAL DESCRIPTION
Extent 159 S. ;
Dimensions 30cm.
490 ## - SERIES STATEMENT
Series statement World Bank Discussion Papers
Volume/sequential designation 345
700 1# - ADDED ENTRY--PERSONAL NAME
Personal name Ding, Wei
700 1# - ADDED ENTRY--PERSONAL NAME
Personal name Noel, Michel
942 ## - ADDED ENTRY ELEMENTS (KOHA)
Koha item type Book
Holdings
Withdrawn status Lost status Damaged status Not for loan Home library Current library Shelving location Date acquired Inventory number Total Checkouts Full call number Barcode Date last seen Price effective from Koha item type
        WIIW WIIW Library 01/07/1996 3344   II-6.121 303342 01/26/2017 01/26/2017 Book
The Vienna Instiute for International Economic Studies (wiiw)